• 首页
  • 本馆介绍
  • 公告通知
  • 最新文献
  • 馆藏检索
  • 电子资源
  • 读者导购
  • 参考咨询
  • 我的图书馆
  • 登录
  • 详细信息显示
  • 放入我的书架
  • 预约/预借图书
  • 作者相关作品
  • 分类相关作品
  • 丛书相关作品
  • 出版社相关作品

书目信息

  • 表格格式
  • 工作单格式
  • 卡片格式
题名:
肉牛奶牛的饲养管理及疾病防治
    
 
作者: 郭传经 王中华
分册:  
出版信息: 北京   中国农业出版社  1996
页数: 204
开本: 19cm
丛书名: 新编菜篮子工程丛书
单 册:
中图分类: S823.9
科图分类:
主题词: 家畜
电子资源:
ISBN: 7-109-04403-3
000 00670nam0 2200205 450
001 0741144344
005 20070817112544.34
010    @a7-109-04403-3@d¥8.20
100    @a20070817d km y0chiy0120 ea
101 0  @achi
200 1  @a肉牛奶牛的饲养管理及疾病防治@Arou niu nai niu de si yang guan li ji ji bing fang zhi@f郭传经 王中华等@Fguo chuan jing wang zhong hua deng
210    @a北京@c中国农业出版社@d1996
215    @a204@d19cm
225 2  @a新编菜篮子工程丛书
410  0 @12001 @a新编菜篮子工程丛书
606 0  @a家畜
690    @aS823.9@v3
701  0 @a郭传经 王中华@Aguo chuan jing wang zhong hua
801  0 @aCN@bPFT@c20070817
905    @a213230@dS823.9@en2@f1
    
    肉牛奶牛的饲养管理及疾病防治/郭传经 王中华等.-北京:中国农业出版社,1996
    204;19cm.-(新编菜篮子工程丛书)
    
    
    ISBN 7-109-04403-3:¥8.20
    
●
相关链接 在E读中查询图书 在五车中查询图书 在当当中查询图书 在豆瓣中查询图书


正题名:肉牛奶牛的饲养管理及疾病防治     索取号:S823.9/n2         预约/预借

序号 登录号 条形码 馆藏地/架位号 状态 备注
1 6600688   266006886   密集书库-生命科学系/ [索取号:S823.9/n2] 在馆    
唐山师范学院图书馆 欢迎您!
大连网信软件有限公司© 版权所有